000 00425cam a2200157ua 4500
020 _a9788126518296
082 _a660.2842
_bFOU/PR
100 _aAlan, S Foust .
245 _aPrinciples of unit operations /
250 _a2 /
260 _aFlorida :
_aNew Delhi:
_bKrieger publishing company ,
_bWiley India ,
_c2010
300 _a768 ; .
700 1 _aLeonard, A Wenzel .
700 1 _aClump, Curtis W
942 _cBK
999 _c11238
_d11238